| 000 | 01086cam a2200289 i 4500 | ||
|---|---|---|---|
| 001 | 30483 | ||
| 003 | Mx-PuUPA | ||
| 005 | 20250805131918.0 | ||
| 008 | 140415s2003 mx a gr 000 0 spa d | ||
| 020 | _a9709296914 | ||
| 040 |
_aMx-PuUPA _bspa _cMx-PuUPA _dMx-PuUPA _erda |
||
| 041 | 0 | _aspa | |
| 100 | 1 |
_aGuerrero, José Luis, _914036 _eautor |
|
| 245 | 1 | 3 |
_aEl evangelio del Tepeyac / _cJosé Luis Guerrero |
| 264 | 3 |
_aMéxico, D.F. : _bImprenta Analuver, _c2003 |
|
| 300 |
_a136 páginas : _bilustraciones (en color) ; _c22 cm |
||
| 336 |
_2rdacontent _atexto _btxt |
||
| 337 |
_2rdamedia _asin medio _bn |
||
| 338 |
_2rdacarrier _avolumen _bnc |
||
| 600 | 0 | 4 |
_aVirgen de Guadalupe _xApariciones y milagros _vFuentes |
| 600 | 0 | 4 |
_aJuan Diego, _tSanto _d1474-1548 |
| 650 | 7 |
_2armarc _aIglesia Católica _xDoctrinas _xHistoria _ySiglo XVI _vFuentes |
|
| 650 | 7 |
_2armarc _aIglesia Católica _zMéxico _xHistoria _ySiglo XVI _vFuentes |
|
| 650 | 7 |
_2armarc _aPeregrinaciones cristianas _zMéxico _xHistoria |
|
| 942 |
_2ddc _cLI _h232.91709 _iG24 |
||
| 999 |
_c30483 _d30483 |
||